[Event "GRE-ch U16"]
[Site "Peristeri"]
[Date "2023.07.04"]
[Round "2"]
[White "Diamantis, Angelos"]
[Black "Nteligiorgis, Georgios"]
[Result "1/2-1/2"]
[WhiteElo "1452"]
[BlackElo "1757"]
[PlyCount "79"]
[EventDate "2023.07.03"]
[EventType "swiss"]
[EventRounds "9"]
[EventCountry "GRE"]
[SourceTitle "EXT 2024"]
[Source "ChessBase"]
[SourceDate "2023.10.10"]
[SourceVersion "1"]
[SourceVersionDate "2023.10.10"]
[SourceQuality "1"]

1. e4 c5 2. Nc3 Nc6 3. d3 g6 4. Be3 d6 5. d4 cxd4 6. Bxd4 e5 7. Be3 a6 8. Bc4 Be6 9. Nd5 Bxd5 10. Qxd5 Qa5+ 11. Qxa5 Nxa5 12. Bd5 Nf6 13. 0-0-0 Nxd5 14. Rxd5 Nc4 15. Bg5 Be7 16. Bxe7 Kxe7 17. Ne2 Rad8 18. Nc3 Ke6 19. Rd3 Nb6 20. a4 f5 21. f3 fxe4 22. fxe4 Rhf8 23. Rhd1 Rf2 24. R1d2 Rxd2 25. Rxd2 Rf8 26. b3 a5 27. Kd1 Rd8 28. Nd5 Nxd5 29. Rxd5 b6 30. Rb5 Rb8 31. b4 axb4 32. a5 Kd7 33. axb6 Kc6 34. Rxb4 Kc5 35. c3 Rxb6 36. Rxb6 Kxb6 37. Kd2 Kc5 38. Kd3 Kb5 39. Kd2 Kc5 40. Kd3 1/2-1/2

[Event "Nikaia op 29th"]
[Site "Nikaia"]
[Date "2022.09.07"]
[Round "7"]
[White "Vassis, Michail"]
[Black "Nteligiorgis, Georgios"]
[Result "1-0"]
[WhiteElo "1748"]
[BlackElo "1553"]
[PlyCount "55"]
[EventDate "2022.09.01"]
[EventType "swiss"]
[EventRounds "9"]
[EventCountry "GRE"]
[SourceTitle "CBM 210 Extra"]
[Source "ChessBase"]
[SourceDate "2022.11.30"]
[SourceVersion "1"]
[SourceVersionDate "2022.11.30"]
[SourceQuality "1"]

1. Nf3 Nf6 2. d4 e6 3. e3 d5 4. Be2 c5 5. 0-0 Nc6 6. b3 Bd6 7. Bb2 0-0 8. Ne5 Ne7 9. Nd2 b6 10. c4 Bb7 11. Rc1 Rc8 12. Bd3 Ne4 13. cxd5 exd5 14. f3 Nxd2 15. Qxd2 Ng6 16. f4 cxd4 17. Rxc8 Qxc8 18. exd4 Ne7 19. Rc1 Qd8 20. Qc2 f5 21. Bb5 Bxe5 22. dxe5 a6 23. Bd3 b5 24. Qc7 Bc8 25. Ba3 Kf7 26. Qd6 Ng6 27. e6+ Bxe6 28. Rc7+ 1-0

[Event "Nikaia op 29th"]
[Site "Nikaia"]
[Date "2022.09.01"]
[Round "1"]
[White "Tragoudaras, Nikolaos"]
[Black "Nteligiorgis, Georgios"]
[Result "1-0"]
[WhiteElo "1810"]
[BlackElo "1553"]
[PlyCount "75"]
[EventDate "2022.09.01"]
[EventType "swiss"]
[EventRounds "9"]
[EventCountry "GRE"]
[SourceTitle "CBM 210 Extra"]
[Source "ChessBase"]
[SourceDate "2022.11.30"]
[SourceVersion "1"]
[SourceVersionDate "2022.11.30"]
[SourceQuality "1"]

1. e4 c5 2. Nf3 e6 3. d4 cxd4 4. Nxd4 Nc6 5. Nc3 Qc7 6. Be2 a6 7. Nxc6 bxc6 8. Qd3 Nf6 9. Qg3 Qxg3 10. hxg3 d5 11. g4 Bb4 12. Bd2 d4 13. e5 Nd7 14. Ne4 Bxd2+ 15. Kxd2 Nxe5 16. Rh5 Ng6 17. Rah1 Nf4 18. Rxh7 Rxh7 19. Rxh7 Nxe2 20. Kxe2 Kf8 21. Rh8+ Ke7 22. f3 f5 23. gxf5 exf5 24. Nd2 a5 25. Nc4 Bb7 26. Rxa8 Bxa8 27. Nxa5 Ke6 28. Kd3 Kd5 29. b4 f4 30. a4 g5 31. Nb3 Bb7 32. Nxd4 Ba6+ 33. b5 cxb5 34. axb5 Bc8 35. c4+ Kc5 36. Kc3 Bd7 37. Nb3+ Kb6 38. Kb4 1-0

[Event "GRE-ch U20"]
[Site "Trikala"]
[Date "2022.08.30"]
[Round "8"]
[White "Nteligiorgis, Georgios"]
[Black "Loukopoulos, Panagiotis Athanasi"]
[Result "1-0"]
[WhiteElo "1553"]
[BlackElo "2081"]
[PlyCount "141"]
[EventDate "2022.08.25"]
[EventType "swiss"]
[EventRounds "9"]
[EventCountry "GRE"]
[SourceTitle "CBM 210 Extra"]
[Source "ChessBase"]
[SourceDate "2022.11.30"]
[SourceVersion "1"]
[SourceVersionDate "2022.11.30"]
[SourceQuality "1"]

1. e4 e6 2. d4 d5 3. Nc3 Nf6 4. Bg5 Bb4 5. e5 h6 6. Bd2 Bxc3 7. Bxc3 Ne4 8. Bb4 c5 9. Bxc5 Nxc5 10. dxc5 Nd7 11. Nf3 Qc7 12. Qd4 0-0 13. Be2 Nxc5 14. 0-0 b6 15. c3 a5 16. Rac1 Rd8 17. Qe3 Ba6 18. Nd4 Qd7 19. Bxa6 Rxa6 20. f4 b5 21. f5 exf5 22. Nxf5 Ne4 23. Rcd1 Re6 24. Qf4 Qc7 25. Nd4 Re7 26. e6 Nd6 27. exf7+ Rxf7 28. Qe5 Nc4 29. Qxc7 Rxc7 30. Ne6 Rcd7 31. Nxd8 Rxd8 32. Rf2 a4 33. b3 Nb6 34. Rfd2 Rc8 35. Rd3 a3 36. Kf2 Kf7 37. Re3 Rc6 38. Ke2 Rg6 39. Rf1+ Kg8 40. Rf2 Rc6 41. Rd3 Re6+ 42. Kd2 g5 43. g4 Kg7 44. Re3 Rd6 45. Kd3 d4 46. cxd4 Nd5 47. Re5 Nf4+ 48. Ke4 b4 49. d5 Rd8 50. Rc2 Rd7 51. Rc4 Ne2 52. Kd3 Nc3 53. Rxc3 bxc3 54. Kxc3 Rb7 55. b4 Rf7 56. Rf5 Re7 57. Kd3 Re1 58. Rf2 Rb1 59. Kc3 Rg1 60. d6 Rc1+ 61. Kb3 Rd1 62. Kxa3 Rxd6 63. Rf3 Rd4 64. h3 Rf4 65. Re3 h5 66. gxh5 Rh4 67. b5 Rxh5 68. Kb4 Rh4+ 69. Kc5 g4 70. hxg4 Rxg4 71. b6 1-0

[Event "GRE-ch U16 Attiki"]
[Site "Peristeri"]
[Date "2022.06.27"]
[Round "4"]
[White "Fragkos, Vasileios"]
[Black "Nteligiorgis, Georgios"]
[Result "1-0"]
[WhiteElo "2062"]
[BlackElo "1518"]
[PlyCount "81"]
[EventDate "2022.06.24"]
[EventType "swiss"]
[EventRounds "7"]
[EventCountry "GRE"]
[SourceTitle "EXT 2023"]
[Source "ChessBase"]
[SourceDate "2022.10.05"]
[SourceVersion "1"]
[SourceVersionDate "2022.10.05"]
[SourceQuality "1"]

1. d4 Nf6 2. Bg5 e6 3. Nd2 Be7 4. e3 d5 5. Bd3 b6 6. c3 c5 7. f4 Nc6 8. Ngf3 Bb7 9. Qe2 0-0 10. Bxf6 Bxf6 11. h4 cxd4 12. exd4 Qc7 13. Qe3 Ne7 14. g4 g6 15. 0-0-0 Rfd8 16. Kb1 Kf8 17. h5 Ke8 18. hxg6 hxg6 19. Rh7 Kd7 20. Rxf7 Rf8 21. Bb5+ Bc6 22. Bxc6+ Kxc6 23. Qxe6+ Qd6 24. Re1 Rxf7 25. Qxf7 Kd7 26. Ne5+ Bxe5 27. fxe5 Qe6 28. Qxe6+ Kxe6 29. Rf1 Rh8 30. Nf3 Kd7 31. Ng5 Rh4 32. Rg1 Ng8 33. a4 Nh6 34. Nh7 Ke7 35. Nf6 Ke6 36. a5 Nf7 37. axb6 axb6 38. Ka2 Rh8 39. Kb3 Rh2 40. Ra1 Rh8 41. Ra6 1-0

[Event "GRE-ch U14"]
[Site "Patras"]
[Date "2021.09.02"]
[Round "5"]
[White "Tsarsitalidis, Christos"]
[Black "Nteligiorgis, Georgios"]
[Result "1-0"]
[WhiteElo "1786"]
[BlackElo "1434"]
[PlyCount "103"]
[EventDate "2021.08.30"]
[EventType "swiss"]
[EventRounds "9"]
[EventCountry "GRE"]
[SourceTitle "EXT 2022"]
[Source "ChessBase"]
[SourceDate "2021.10.06"]
[SourceVersion "1"]
[SourceVersionDate "2021.10.06"]
[SourceQuality "1"]

1. e4 c5 2. Nf3 Nc6 3. c3 d5 4. exd5 Qxd5 5. Na3 Bf5 6. Bc4 Qe4+ 7. Qe2 Qxe2+ 8. Bxe2 e6 9. Nc4 f6 10. d4 cxd4 11. Nxd4 Nxd4 12. cxd4 Be4 13. 0-0 0-0-0 14. Bf4 g5 15. Bg3 h5 16. Rac1 Kd7 17. h3 Ke7 18. Rfd1 Kf7 19. Na5 Kg6 20. Bc4 b6 21. Nc6 Bxc6 22. Bd3+ Be4 23. Bxe4+ f5 24. Bc7 Rd7 25. Be5 Bg7 26. Bc6 Rd8 27. Bxg7 Kxg7 28. Ba4 Rh7 29. Bb3 Rd6 30. d5 exd5 31. Bxd5 Nf6 32. Rc7+ Kh6 33. Rxh7+ Nxh7 34. Bf3 Rxd1+ 35. Bxd1 g4 36. hxg4 hxg4 37. Kf1 Kg6 38. Ke2 Nf6 39. Ke3 Kg5 40. Kd4 Ne4 41. Bxg4 Kxg4 42. f3+ Kf4 43. fxe4 fxe4 44. b3 a6 45. a3 e3 46. Kd3 Kg3 47. Kxe3 Kxg2 48. Kd4 Kf2 49. Kd5 Ke3 50. Kc6 Kd3 51. Kxb6 Kc3 52. b4 1-0

[Event "GRE-ch South U14"]
[Site "Athens"]
[Date "2020.09.02"]
[Round "8"]
[White "Nteligiorgis, Georgios"]
[Black "Asvestas, Emmanouil"]
[Result "1-0"]
[WhiteElo "1545"]
[BlackElo "1579"]
[PlyCount "75"]
[EventDate "2020.08.28"]
[EventType "swiss"]
[EventRounds "9"]
[EventCountry "GRE"]
[SourceTitle "EXT 2023"]
[Source "ChessBase"]
[SourceDate "2022.10.05"]
[SourceVersion "1"]
[SourceVersionDate "2022.10.05"]
[SourceQuality "1"]

1. e4 e5 2. Nf3 Nc6 3. Bc4 Be7 4. d4 d6 5. d5 Nb8 6. Bd3 Nf6 7. h3 0-0 8. c4 Nbd7 9. Be3 Ne8 10. Qc2 g6 11. Nc3 Ng7 12. g4 Nf6 13. Nd2 Nfe8 14. 0-0-0 f5 15. f3 Bg5 16. Bxg5 Qxg5 17. h4 Qe7 18. Rdg1 fxg4 19. fxg4 Nf6 20. Be2 Bd7 21. h5 gxh5 22. gxh5 h6 23. Nf3 Be8 24. Nh4 Kh8 25. Qd2 Ng8 26. Ng6+ Bxg6 27. hxg6 Rf4 28. Bg4 Ne8 29. Ne2 Rf6 30. Rxh6+ Nxh6 31. Qxh6+ Kg8 32. Be6+ Rxe6 33. dxe6 Qg7 34. Qg5 Qf6 35. Qh6 Qg7 36. Qh4 Qf6 37. Qh7+ Kf8 38. e7+ 1-0

[Event "GRE-ch South U14"]
[Site "Athens"]
[Date "2020.08.31"]
[Round "6"]
[White "Nteligiorgis, Georgios"]
[Black "Minadakis, Andreas Marios"]
[Result "0-1"]
[WhiteElo "1545"]
[BlackElo "1514"]
[PlyCount "72"]
[EventDate "2020.08.28"]
[EventType "swiss"]
[EventRounds "9"]
[EventCountry "GRE"]
[SourceTitle "EXT 2023"]
[Source "ChessBase"]
[SourceDate "2022.10.05"]
[SourceVersion "1"]
[SourceVersionDate "2022.10.05"]
[SourceQuality "1"]

1. e4 e6 2. d4 d5 3. Bd3 dxe4 4. Bxe4 Nf6 5. Bf3 Be7 6. Be3 0-0 7. Ne2 Nbd7 8. Nbc3 c6 9. 0-0 Nd5 10. Nxd5 exd5 11. Qd3 Nf6 12. h3 Bd7 13. Nf4 Qc8 14. c4 Bf5 15. Qb3 dxc4 16. Qxc4 Be4 17. Bxe4 Nxe4 18. d5 Nd6 19. Qc3 Bf6 20. Qb3 Nf5 21. Nh5 Be5 22. Bf4 Re8 23. Rfe1 Bxf4 24. Nxf4 Qc7 25. g3 h6 26. Qd3 Nd6 27. Rad1 Rad8 28. dxc6 Rxe1+ 29. Rxe1 bxc6 30. Qc3 Nb5 31. Qc4 Qd7 32. Rc1 Rc8 33. Qe4 Qd4 34. Qxd4 Nxd4 35. Rc4 Rd8 36. Ng2 Nf3+ 0-1

[Event "GRE-ch South U14"]
[Site "Athens"]
[Date "2020.08.29"]
[Round "3"]
[White "Basinas, Konstantinos"]
[Black "Nteligiorgis, Georgios"]
[Result "1-0"]
[WhiteElo "1500"]
[BlackElo "1545"]
[PlyCount "77"]
[EventDate "2020.08.28"]
[EventType "swiss"]
[EventRounds "9"]
[EventCountry "GRE"]
[SourceTitle "EXT 2023"]
[Source "ChessBase"]
[SourceDate "2022.10.05"]
[SourceVersion "1"]
[SourceVersionDate "2022.10.05"]
[SourceQuality "1"]

1. d4 Nf6 2. c4 e6 3. Nf3 Bb4+ 4. Bd2 a5 5. a3 Bxd2+ 6. Nbxd2 d6 7. e3 Nbd7 8. Be2 0-0 9. 0-0 Qe7 10. Re1 e5 11. h3 a4 12. Qc2 Re8 13. Nb1 Nf8 14. Nc3 Bd7 15. Rad1 e4 16. Nd2 g5 17. f3 exf3 18. Bxf3 g4 19. hxg4 Nxg4 20. Nd5 Qh4 21. Ne4 c6 22. g3 Qh6 23. Nc7 Nxe3 24. Qd2 f5 25. Qxe3 Qxe3+ 26. Rxe3 fxe4 27. Nxe8 Rxe8 28. Rxe4 Rxe4 29. Bxe4 Bg4 30. Re1 Kf7 31. Bc2 b5 32. cxb5 cxb5 33. Bd3 Bd7 34. Kf2 h6 35. Rh1 Kg7 36. Rh5 Ne6 37. Bxb5 Bxb5 38. Rxb5 Nxd4 39. Rd5 1-0

[Event "GRE-ch South U14"]
[Site "Athens"]
[Date "2020.08.29"]
[Round "2"]
[White "Nteligiorgis, Georgios"]
[Black "Tsourekas, Kyriakos"]
[Result "1/2-1/2"]
[WhiteElo "1545"]
[BlackElo "1435"]
[PlyCount "60"]
[EventDate "2020.08.28"]
[EventType "swiss"]
[EventRounds "9"]
[EventCountry "GRE"]
[SourceTitle "EXT 2023"]
[Source "ChessBase"]
[SourceDate "2022.10.05"]
[SourceVersion "1"]
[SourceVersionDate "2022.10.05"]
[SourceQuality "1"]

1. e4 c6 2. Nc3 d5 3. Nf3 Bg4 4. h3 Bxf3 5. Qxf3 d4 6. Ne2 c5 7. Ng3 Nc6 8. Bc4 e6 9. 0-0 Qc7 10. d3 Bd6 11. Nh5 Be5 12. Bf4 Bxf4 13. Qxf4 Qxf4 14. Nxf4 Nf6 15. Bb5 Rc8 16. c3 dxc3 17. bxc3 a6 18. Bxc6+ Rxc6 19. Rab1 b5 20. a4 Rb6 21. axb5 axb5 22. Rb3 Ke7 23. Rfb1 Rhb8 24. Kf1 b4 25. f3 Nd7 26. cxb4 Rxb4 27. Rxb4 Rxb4 28. Rc1 Rb2 29. Ne2 Kd6 30. Kf2 Rb3 1/2-1/2

[Event "GRE-ch U12"]
[Site "Rio Achaia"]
[Date "2018.07.09"]
[Round "9"]
[White "Nteligiorgis, Georgios"]
[Black "Karamichos, Michail"]
[Result "0-1"]
[WhiteElo "1180"]
[BlackElo "1412"]
[PlyCount "86"]
[EventDate "2018.07.03"]
[EventType "swiss"]
[EventRounds "9"]
[EventCountry "GRE"]
[SourceTitle "EXT 2019"]
[Source "ChessBase"]
[SourceDate "2018.10.10"]
[SourceVersion "1"]
[SourceVersionDate "2018.10.10"]
[SourceQuality "1"]

1. e4 Nf6 2. e5 Nd5 3. d4 d6 4. c4 Nb6 5. exd6 exd6 6. Nc3 Be7 7. Nf3 Bg4 8. Be2 Nc6 9. b3 Bf6 10. Be3 0-0 11. 0-0 d5 12. c5 Nc8 13. h3 Bh5 14. g4 Bg6 15. Qd2 Qd7 16. Nh2 Bd8 17. f4 f6 18. f5 Bf7 19. Rf2 Kh8 20. Raf1 Rg8 21. Rg2 N8e7 22. h4 g6 23. Bd3 gxf5 24. gxf5 Nb4 25. Bb1 Rxg2+ 26. Qxg2 Ng8 27. Ng4 Be7 28. Rf3 Bf8 29. Rg3 h5 30. Nf2 Nh6 31. Bxh6 Bxh6 32. Nd3 Nc6 33. Ne2 Qxf5 34. Rf3 Qe6 35. Kh2 Rg8 36. Rg3 Rxg3 37. Nxg3 Qg4 38. Nf2 Qxh4+ 39. Kg1 Nxd4 40. Bf5 Be3 41. Bc8 b6 42. cxb6 axb6 43. Nf1 Ne2# 0-1

[Event "GRE-ch U12"]
[Site "Rio Achaia"]
[Date "2018.07.08"]
[Round "8"]
[White "Paraskakis, Filippos"]
[Black "Nteligiorgis, Georgios"]
[Result "1-0"]
[WhiteElo "1344"]
[BlackElo "1180"]
[PlyCount "57"]
[EventDate "2018.07.03"]
[EventType "swiss"]
[EventRounds "9"]
[EventCountry "GRE"]
[SourceTitle "EXT 2019"]
[Source "ChessBase"]
[SourceDate "2018.10.10"]
[SourceVersion "1"]
[SourceVersionDate "2018.10.10"]
[SourceQuality "1"]

1. d4 d5 2. c4 e6 3. Nc3 c6 4. Nf3 Nf6 5. Bg5 Nbd7 6. cxd5 exd5 7. e3 Nb6 8. Ne5 Be7 9. f4 Bf5 10. Bd3 Bxd3 11. Qxd3 h6 12. Bh4 0-0 13. 0-0 Ne4 14. Bxe7 Qxe7 15. Nxe4 dxe4 16. Qe2 Qe8 17. f5 Nd5 18. Rae1 Nf6 19. Ng4 Nh7 20. f6 Nxf6 21. Nxf6+ gxf6 22. Qg4+ Kh7 23. Rxf6 Rg8 24. Qf5+ Kg7 25. Rf1 Rf8 26. Qg4+ Kh7 27. Rxh6+ Kxh6 28. Rf6+ Kh7 29. Qh5+ 1-0

[Event "GRE-ch U10"]
[Site "Achaia"]
[Date "2017.06.27"]
[Round "2"]
[White "Nteligiorgis, Georgios"]
[Black "Aslanidis, Thiseas"]
[Result "1-0"]
[WhiteElo "1133"]
[BlackElo "1188"]
[PlyCount "133"]
[EventDate "2017.06.26"]
[EventType "swiss"]
[EventRounds "9"]
[EventCountry "GRE"]
[SourceTitle "EXT 2018"]
[Source "ChessBase"]
[SourceDate "2017.10.13"]
[SourceVersion "1"]
[SourceVersionDate "2017.10.13"]
[SourceQuality "1"]

1. e4 c6 2. d4 d5 3. Nc3 dxe4 4. Nxe4 Nd7 5. Nf3 Ngf6 6. Nc3 e6 7. Bd2 Be7 8. h3 Qc7 9. Be2 b6 10. 0-0 Bb7 11. Be3 0-0 12. Qd2 Rad8 13. Bf4 Qc8 14. Qe3 a6 15. Rad1 c5 16. Rfe1 cxd4 17. Nxd4 Bc5 18. Qg3 Ne4 19. Nxe4 Bxe4 20. c3 Bg6 21. Nb3 Rfe8 22. Bc7 Be7 23. Bxd8 Bxd8 24. Qd6 Re7 25. Bf3 Kf8 26. Bc6 Ke8 27. Bxd7+ Rxd7 28. Qxd7+ Qxd7 29. Rxd7 Kxd7 30. g4 Kc7 31. Nd2 b5 32. Ne4 Be7 33. f3 f5 34. Nf2 Kd7 35. Nd3 Be8 36. Rd1 Kc6 37. Nb4+ Kb6 38. Re1 Bc5+ 39. Kg2 Bf7 40. Nd3 Bd6 41. Ne5 Bg8 42. c4 Bc7 43. cxb5 axb5 44. b3 Kb7 45. gxf5 exf5 46. Nd3 Bd6 47. Re8 Bf7 48. Rh8 h6 49. Rh7 Bf8 50. Ne5 Bg8 51. Rh8 Bd6 52. Rxg8 Bxe5 53. Rf8 Bf6 54. Re8 Kb6 55. Re6+ Ka5 56. Re8 Kb4 57. Ra8 Kc3 58. a4 bxa4 59. bxa4 Kb4 60. Kg3 Be5+ 61. Kh4 Bf6+ 62. Kh5 Kc5 63. Ra5+ Kb4 64. Rxf5 Bc3 65. a5 Kc4 66. a6 Bd4 67. Rf7 1-0